| 000 | 01208nam2a2200265 4500 | ||
|---|---|---|---|
| 001 | RU\NLR\bibl\1014458 | ||
| 005 | 20250614232414.0 | ||
| 010 |
_a5-7142-0753-X _9100 |
||
| 021 |
_aRU _b2006-67620 _93399 |
||
| 035 | _a(NLR Aleph) 001002056 | ||
| 090 |
_a584895 _c584895 |
||
| 100 | _a20061128d2006 |||y0rusy50 ca | ||
| 101 | 0 | _arus | |
| 102 | _aRU | ||
| 105 | _ay ||||||||| | ||
| 200 | 0 | _aЧ. 2 | |
| 210 |
_d2006 _aБ. м. |
||
| 215 | _a100 с. | ||
| 320 | _aБиблиогр.: с. 93-94 | ||
| 461 | 0 |
_1001RU\NLR\bibl\1021948 _12001#$aОсновы физической реабилитации$vЧ. 2 _9629363 _cСургут _d2006 _fДеп. образования и науки Ханты-Манс. авт. окр., Сургут. гос. пед. ун-т _nИсеть _oкурс лекций : [учебное пособие для студентов высших физкультурных и медицинских учебных заведений, методистов и инструкторов ЛФК] _tОсновы физической реабилитации _vЧ. 2 |
|
| 801 | 0 |
_aRU _bNLR _c20061128 _grcr |
|
| 801 | 1 |
_aRU _bNLR _c20061128 |
|
| 942 | _cBOOK | ||
| 980 | _aNB | ||